000 00536cas a22001694i 4500
999 _c50797
_d50797
001 768714001
003 CO-MdFUSB
005 20180413162723.0
008 180413s2003 cr ||||| |||| 00| 0 spa d
040 _aCO-MdFUSB
_bspa
_cCO-MdFUSB
_dCO-MdFUSB
041 _aspa
100 1 _aSoto Gould, Jorge Luis
_eautor
245 1 0 _aProfetas sin nombre
300 _aVolumen 6. Número 4 (2003), páginas 59-60
_c: 28 cm.
773 0 _tConquista Cristiana
_049446
_960259
_gVolumen 6. Número 4 (2003), páginas 59-60
_qpágina 59
942 _cANA